000 01013nam0a22002891 4500
001 rc\26878
005 20021216123805.5
010 _a5-4241-0041-X
_9500
035 _a(NLR Aleph) 005313416
090 _a6410386
_c6410386
100 _a20021216d1994 u |0rusy50 ca
101 0 _arus
102 _aRU
105 _aa |||||||||
200 1 _aЦорн
_e[О выдающемся швед. художнике]
_fГ. Мурыгин
210 _aНовосибирск
_cТрина (част. изд-во)
_d1994
215 _a84 с., [4] л. ил., портр.
_cил.
_d21
300 _aКн. изд. на средства авт.
300 _aС автогр. авт.
320 _aБиблиогр.: с. 82-83 и в подстроч. примеч.
600 1 _aЦорн
_bА.
_gАндерс
_f1860-1920
_2psbo
700 1 _aМурыгин
_bГ. И.
_f1931-
_gГеннадий Иванович
801 0 _aRU
_bNLR
_gpsbo
801 1 _aRU
_bELAR
_2rusmarc
852 _aNLR
_j97-4/2690
942 _cBOOK
980 _aNB